Four Letter Geography - V - Statistics

General Stats
  • This quiz has been taken 22 times
  • The average score is 2 of 10
Answer Stats
Hint Answer % Correct
River in South Africa Vaal
50%
Beach in Florida Vero
41%
Island of Fiji Viti
36%
Bay of Spain Vigo
18%
Bay and City in Vietnam Vang
14%
Mountain in Sweden Veta
14%
City in Cameroon Vina
14%
Cape in Croatia Vela
9%
Lake in Madagascar Vato
5%
City in Austria Vent
5%
No matching quizzes found
Score Distribution
Percent of People with Each Score
Percentile by Number Answered
Your Score History
You have not taken this quiz